Russians as the new minority : ethnicity and nationalism in the Soviet successor states

Αποθηκεύτηκε σε:
Λεπτομέρειες βιβλιογραφικής εγγραφής
Κύριος συγγραφέας: Chinn, Jeff
Άλλοι συγγραφείς: Kaiser, Robert John
Μορφή: Βιβλίο
Γλώσσα:English
Δημοσίευση: Colorado : Westview Press, c1996
Θέματα:
Ετικέτες: Προσθήκη ετικέτας
Δεν υπάρχουν, Καταχωρήστε ετικέτα πρώτοι!

MARC

LEADER 00000nam a2200000 i 4500
001 1/84866
008 990628s1996 eng d
020 |a 0-8133-2248-0 
035 |l 10051707 
040 |a GR-MY-UA  |b gre  |e aacr 
041 0 |a eng 
082 0 |a 947 
100 1 |a Chinn, Jeff. 
245 1 0 |a Russians as the new minority :  |b ethnicity and nationalism in the Soviet successor states /  |c Jeff Chinn, Robert Kaiser 
260 |a Colorado :   |b Westview Press,   |c c1996 
300 |a 308 p. 
504 |a Includes bibliographical references and index 
650 0 0 |a Russians  |z Former Soviet republics. 
650 0 0 |a Nationalism  |z Former Soviet republics. 
651 0 |a Former Soviet republics  |x Ethnic relations. 
700 1 |a Kaiser, Robert John. 
852 |a INST  |b LESVOS  |e 19990628  |h 947 CHI  |p 005100019963  |q 005100019963  |t BK  |y 0 
901 |a BIBL1-1999-2 
909 |a Λ  |b 062466 
922 |a 1ΕΛΗ  |b 199812  |c ΚΠΣ/ΤΓ  |d LEADER 
950 |a 118-1998-10-19 
970 |a ΤΖΑΦΕΡΗ  |b ΕΥΑΓΓΕΛΙΑ  |z 1999/07/07